[Event "Portugal tch 2012 - Fase final"]
[Site "Matosinhos POR"]
[Date "2012.06.21"]
[Round "1.1"]
[White "Alvarez Fernandez, Enrique"]
[Black "Rocha, Sérgio"]
[Result "1/2-1/2"]
[WhiteElo "2369"]
[BlackElo "2404"]
[PlyCount "171"]
[EventDate "2012.07.21"]
[EventType "team"]
[EventRounds "9"]
[EventCountry "POR"]
[Source "lmi"]
[SourceDate "2012.07.21"]

1. d4 g6 2. Nf3 Bg7 3. Bf4 Nf6 4. e3 O-O 5. h3 d6 6. Be2 c6 7. c4 a6 8. O-O b5
9. Nc3 Nbd7 10. b3 b4 11. Na4 Nb6 12. Nxb6 Qxb6 13. Qc2 c5 14. Bh2 a5 15. a4
bxa3 16. Rxa3 Bd7 17. Rfa1 Ra7 18. Bd3 Rfa8 19. R1a2 Bc6 20. dxc5 Qxc5 21. Nd4
Bd7 22. Nb5 Bxb5 23. cxb5 Nd7 24. Qxc5 Nxc5 25. Bc4 Bc3 26. Rc2 Bb4 27. Raa2
Rb8 28. f3 Rab7 29. Bg3 Ne6 30. Kf1 Nc7 31. Be1 Nxb5 32. Bxb4 axb4 33. Bxb5
Rxb5 34. Rc7 R8b7 35. Rxb7 Rxb7 36. Ra4 f5 37. Ke2 Kf7 38. Kd3 Ke6 39. g4 Rb5
40. Kc4 Re5 41. Kd3 Rb5 42. Kc4 Rc5+ 43. Kd4 f4 44. Rxb4 Rd5+ 45. Ke4 Re5+ 46.
Kxf4 g5+ 47. Kg3 Rxe3 48. Kf2 Rc3 49. Rb8 Ke5 50. Rb7 Kf4 51. Rb4+ Ke5 52. Rb7
Kf6 53. Rb5 h6 54. Rb6 Ke5 55. Rb7 e6 56. Rh7 d5 57. Rxh6 Rxb3 58. Rg6 d4 59.
Ke2 Kf4 60. Rf6+ Ke5 61. Rg6 Kf4 62. Rf6+ Kg3 63. Rxe6 Rxf3 64. Rg6 Re3+ 65.
Kd2 Kf4 66. Rf6+ Ke5 67. Rf5+ Ke4 68. Rxg5 Rxh3 69. Rg8 Rh2+ 70. Ke1 Rg2 71. g5
Ke3 72. Re8+ Kd3 73. Rg8 Rg4 74. Kf2 Kd2 75. Kf3 Rg1 76. Kf4 d3 77. Kf5 Ke3 78.
Re8+ Kf3 79. Rd8 Ke2 80. Re8+ Kf2 81. Rd8 Rg3 82. g6 Ke2 83. Kf6 d2 84. Rxd2+
Kxd2 85. g7 Rxg7 86. Kxg7 1/2-1/2

[Event "Portugal tch 2012 - Fase final"]
[Site "Matosinhos POR"]
[Date "2012.06.21"]
[Round "1.1"]
[White "Damaso, Rui"]
[Black "Andres Gonzalez, Ivan"]
[Result "1-0"]
[WhiteElo "2365"]
[BlackElo "2324"]
[PlyCount "51"]
[EventDate "2012.07.21"]
[EventType "team"]
[EventRounds "9"]
[EventCountry "POR"]
[Source "lmi"]
[SourceDate "2012.07.21"]

1. Nf3 Nf6 2. g3 g6 3. b3 Bg7 4. Bb2 O-O 5. Bg2 d6 6. d4 e5 7. dxe5 Nfd7 8. Nc3
dxe5 9. Qd2 c6 10. h4 Qe7 11. O-O-O Nf6 12. Qg5 e4 13. Nxe4 Qxe4 14. Bxf6 Qxe2
15. Bxg7 Kxg7 16. h5 f6 17. Qf4 Bf5 18. Nd4 Qe5 19. hxg6 Qxf4+ 20. gxf4 hxg6
21. Nxf5+ gxf5 22. Rdg1 Kf7 23. Rh7+ Ke6 24. Re1+ Kd6 25. Rd1+ Ke6 26. Rxb7 1-0

[Event "Portugal tch 2012 - Fase final"]
[Site "Matosinhos POR"]
[Date "2012.06.21"]
[Round "1.1"]
[White "Diogo, Vasco"]
[Black "Ulyanovskyy, Viktor"]
[Result "1-0"]
[WhiteElo "2261"]
[BlackElo "2290"]
[PlyCount "113"]
[EventDate "2012.07.21"]
[EventType "team"]
[EventRounds "9"]
[EventCountry "POR"]
[Source "lmi"]
[SourceDate "2012.07.21"]

1. Nf3 c5 2. g3 Nc6 3. Bg2 g6 4. O-O Bg7 5. d3 e6 6. e4 Nge7 7. c3 O-O 8. d4
cxd4 9. cxd4 d5 10. e5 Bd7 11. Nc3 Rc8 12. Bg5 h6 13. Bd2 Nf5 14. Ne2 Qb6 15.
Bc3 h5 16. h3 a6 17. g4 hxg4 18. hxg4 Nfe7 19. Re1 f6 20. exf6 Rxf6 21. Nc1
Rcf8 22. Nd3 Bc8 23. Rc1 a5 24. a3 Qa7 25. Bd2 Nxd4 26. Nxd4 Rxf2 27. Nb5 Rf1+
28. Kh2 Qb8+ 29. Nc7 R1f7 30. Kg1 Nc6 31. Nb5 Qg3 32. Re3 Qb8 33. Rh3 Nd4 34.
Nxd4 Bxd4+ 35. Kh1 Rh7 36. Rxh7 Kxh7 37. Qe1 Kg7 38. Bh3 Rh8 39. Kg2 e5 40. Bc3
Bxc3 41. Qxc3 d4 42. Qc7+ Qxc7 43. Rxc7+ Kf6 44. g5+ Kxg5 45. Bxc8 e4 46. Rc5+
Kf6 47. Nf2 e3 48. Nd3 b6 49. Rc4 Rd8 50. Bg4 Kg5 51. Be2 Rd6 52. Kf3 Kf5 53.
Rc8 Kg5 54. Rf8 Rd7 55. Rf4 Rd6 56. Ne5 Re6 57. Nf7+ 1-0

[Event "Portugal tch 2012 - Fase final"]
[Site "Matosinhos POR"]
[Date "2012.06.21"]
[Round "1.2"]
[White "Johannessen, Leif"]
[Black "Garcia - Ortega Mendez, Jose M"]
[Result "1-0"]
[WhiteElo "2507"]
[BlackElo "2328"]
[PlyCount "61"]
[EventDate "2012.07.21"]
[EventType "team"]
[EventRounds "9"]
[EventCountry "POR"]
[Source "lmi"]
[SourceDate "2012.07.21"]

1. d4 Nf6 2. c4 e6 3. Nc3 d5 4. cxd5 exd5 5. Bg5 Be7 6. e3 c6 7. Qc2 Nbd7 8.
Bd3 Nh5 9. Bxe7 Qxe7 10. O-O-O g6 11. Nf3 Ndf6 12. h3 Ng7 13. g4 Be6 14. Ne5
Nd7 15. f4 Nxe5 16. dxe5 f5 17. exf6 Qxf6 18. Rhf1 O-O 19. e4 d4 20. e5 Qh4 21.
Ne4 Bd5 22. Bc4 Kh8 23. Nf6 Bxc4 24. Qxc4 c5 25. Kb1 b6 26. Nd7 Rfe8 27. f5
Rad8 28. e6 gxf5 29. Ne5 Rc8 30. Nf7+ Kg8 31. Nd6 1-0

[Event "Portugal tch 2012 - Fase final"]
[Site "Matosinhos POR"]
[Date "2012.06.21"]
[Round "1.2"]
[White "Cabezas Ayala, Iván"]
[Black "Dias, Paulo"]
[Result "0-1"]
[WhiteElo "2310"]
[BlackElo "2440"]
[PlyCount "76"]
[EventDate "2012.07.21"]
[EventType "team"]
[EventRounds "9"]
[EventCountry "POR"]
[Source "lmi"]
[SourceDate "2012.07.21"]

1. e4 e5 2. Nf3 Nc6 3. Bb5 a6 4. Ba4 f5 5. d3 fxe4 6. dxe4 Nf6 7. O-O d6 8. c3
Be7 9. Re1 b5 10. Bb3 Na5 11. Bc2 O-O 12. Nbd2 Kh8 13. Nf1 Nc4 14. Ng3 Qe8 15.
a4 Rb8 16. a5 b4 17. cxb4 d5 18. exd5 Bxb4 19. Re2 Bg4 20. Qd3 Qb5 21. b3 Nxa5
22. Qxb5 Rxb5 23. Rxe5 Bc3 24. Ra4 Bxe5 25. Nxe5 Re8 26. f4 Rc5 27. Be3 Rxc2
28. Rxa5 Bc8 29. Bd4 Rd2 30. Bc3 Rxd5 31. Ra4 Rc5 32. Nc4 Rb5 33. Nd2 Re1+ 34.
Kf2 Rc1 35. Nge4 Bb7 36. Rd4 Nxe4+ 37. Nxe4 h6 38. Bb4 Rd5 0-1

[Event "Portugal tch 2012 - Fase final"]
[Site "Matosinhos POR"]
[Date "2012.06.21"]
[Round "1.2"]
[White "Cruz, Jorge"]
[Black "Leite, Catarina"]
[Result "1/2-1/2"]
[WhiteElo "2082"]
[BlackElo "2175"]
[PlyCount "58"]
[EventDate "2012.07.21"]
[EventType "team"]
[EventRounds "9"]
[EventCountry "POR"]
[Source "lmi"]
[SourceDate "2012.07.21"]

1. e4 e5 2. Nf3 Nc6 3. Bb5 a6 4. Bxc6 dxc6 5. d4 exd4 6. Qxd4 Qxd4 7. Nxd4 f6
8. O-O Bd6 9. Be3 Ne7 10. Nd2 c5 11. Ne2 b6 12. Nc4 Bb7 13. f3 O-O 14. Rfd1
Rad8 15. Bf4 Nc8 16. Nxd6 cxd6 17. Bg3 d5 18. exd5 Rxd5 19. Nc3 Rxd1+ 20. Rxd1
Bc6 21. Nd5 Kf7 22. Ne3 Re8 23. Kf2 b5 24. c4 Nb6 25. b3 g6 26. Rd6 Re6 27. Rd8
Re8 28. Rd6 Re6 29. Rd8 Re8 1/2-1/2

[Event "Portugal tch 2012 - Fase final"]
[Site "Matosinhos POR"]
[Date "2012.06.21"]
[Round "1.3"]
[White "Galego, Luis"]
[Black "Korneev, Oleg"]
[Result "1/2-1/2"]
[WhiteElo "2495"]
[BlackElo "2577"]
[PlyCount "37"]
[EventDate "2012.07.21"]
[EventType "team"]
[EventRounds "9"]
[EventCountry "POR"]
[Source "lmi"]
[SourceDate "2012.07.21"]

1. Nf3 d5 2. b4 Bg4 3. Ne5 Bf5 4. d4 e6 5. a3 Nd7 6. Nxd7 Qxd7 7. Nd2 Qa4 8.
Nb3 Nf6 9. e3 Be7 10. Bb2 O-O 11. Be2 b6 12. O-O a5 13. c3 Rfb8 14. Nd2 Qxd1
15. Rfxd1 c5 16. b5 cxd4 17. cxd4 Rc8 18. Rdc1 Ne8 19. f3 1/2-1/2

[Event "Portugal tch 2012 - Fase final"]
[Site "Matosinhos POR"]
[Date "2012.06.21"]
[Round "1.3"]
[White "Ftácnik, Lubomír"]
[Black "Fernando, Diogo"]
[Result "1-0"]
[WhiteElo "2516"]
[BlackElo "2469"]
[PlyCount "119"]
[EventDate "2012.07.21"]
[EventType "team"]
[EventRounds "9"]
[EventCountry "POR"]
[Source "lmi"]
[SourceDate "2012.07.21"]

1. Nf3 Nf6 2. c4 e6 3. Nc3 Bb4 4. e3 b6 5. Be2 O-O 6. O-O Bb7 7. Qc2 c5 8. a3
Bxc3 9. Qxc3 d6 10. b4 Nbd7 11. Bb2 Qe7 12. Rad1 Rfc8 13. d3 Rc7 14. b5 a6 15.
a4 Rcc8 16. Nd2 e5 17. Rde1 axb5 18. axb5 Ne8 19. f4 exf4 20. exf4 Qf8 21. Bg4
Nef6 22. Bf5 d5 23. cxd5 Rd8 24. Nc4 Nxd5 25. Qb3 Rab8 26. Ba1 N7f6 27. Be5 Ra8
28. Re2 Ne8 29. Rfe1 Ne7 30. Be4 Bxe4 31. dxe4 Nc8 32. f5 Kh8 33. Bg3 Ned6 34.
f6 Nxc4 35. Qxc4 g6 36. e5 Rd4 37. Qc3 Na7 38. Rb2 Re8 39. Ra1 Rd7 40. Bf4 Kg8
41. Qh3 Red8 42. e6 fxe6 43. Qxe6+ Qf7 44. Qxb6 Qc4 45. Rf1 Nc8 46. f7+ Kxf7
47. Qc6 Kg8 48. Be5 Rf7 49. Rbb1 Ne7 50. Qb6 Rxf1+ 51. Rxf1 Rf8 52. Rxf8+ Kxf8
53. Qf6+ Ke8 54. b6 Qc1+ 55. Kf2 Qc2+ 56. Kg3 Nf5+ 57. Kh3 Qd3+ 58. Bg3 Ne7 59.
Qe6 Qd1 60. b7 1-0

[Event "Portugal tch 2012 - Fase final"]
[Site "Matosinhos POR"]
[Date "2012.06.21"]
[Round "1.3"]
[White "Vassallo Barroche, Maurício"]
[Black "Pereira, Ruben"]
[Result "1-0"]
[WhiteElo "2433"]
[BlackElo "2417"]
[PlyCount "97"]
[EventDate "2012.07.21"]
[EventType "team"]
[EventRounds "9"]
[EventCountry "POR"]
[Source "lmi"]
[SourceDate "2012.07.21"]

1. Nf3 Nf6 2. g3 d5 3. Bg2 c6 4. O-O Bg4 5. d3 Nbd7 6. Nbd2 e5 7. e4 dxe4 8.
dxe4 Be7 9. Qe1 O-O 10. h3 Bxf3 11. Bxf3 Re8 12. a4 Qc7 13. Nc4 Nc5 14. Qe2
Rad8 15. Kg2 Nfd7 16. b4 Ne6 17. c3 Bg5 18. Rd1 Bxc1 19. Raxc1 Nb6 20. a5 Nxc4
21. Qxc4 Rxd1 22. Rxd1 Rd8 23. Rxd8+ Nxd8 24. Bg4 Qd6 25. h4 g6 26. h5 Kg7 27.
Qe2 c5 28. b5 b6 29. axb6 axb6 30. Qe3 f6 31. hxg6 hxg6 32. Be2 Ne6 33. Bc4 Nc7
34. Be2 Ne6 35. Bc4 Nc7 36. Qe2 Qd7 37. Qa2 Ne8 38. Qa8 Kf8 39. Bd5 Ke7 40. Bc6
Qd8 41. Qa7+ Qc7 42. Qa2 Ng7 43. Qg8 Kd6 44. Bd5 Qe7 45. Bf7 Ne6 46. Bxe6 Qxe6
47. Qd8+ Qd7 48. Qxb6+ Ke7 49. Qxc5+ 1-0

[Event "Portugal tch 2012 - Fase final"]
[Site "Matosinhos POR"]
[Date "2012.06.21"]
[Round "1.4"]
[White "Kolosowski, Mateusz"]
[Black "Teixeira, Rafael"]
[Result "1-0"]
[WhiteElo "2413"]
[BlackElo "2107"]
[PlyCount "49"]
[EventDate "2012.07.21"]
[EventType "team"]
[EventRounds "9"]
[EventCountry "POR"]
[Source "lmi"]
[SourceDate "2012.07.21"]

1. e4 c5 2. Nc3 Nc6 3. Bb5 Nd4 4. Bc4 e6 5. Nge2 Ne7 6. Nxd4 cxd4 7. Ne2 Nc6 8.
O-O Qh4 9. f4 Bc5 10. d3 O-O 11. f5 d5 12. exd5 Ne5 13. Bb3 exf5 14. h3 Qh5 15.
Qe1 Re8 16. Ng3 Qh4 17. Qf2 g6 18. Bf4 g5 19. Bd2 Ng4 20. hxg4 Bd6 21. Rfe1
Bxg3 22. Rxe8+ Kg7 23. Qxd4+ f6 24. Re7+ Kg6 25. gxf5+ 1-0

[Event "Portugal tch 2012 - Fase final"]
[Site "Matosinhos POR"]
[Date "2012.06.21"]
[Round "1.4"]
[White "Sousa, Ricardo"]
[Black "Butkiewicz, Lukasz"]
[Result "0-1"]
[WhiteElo "2101"]
[BlackElo "2402"]
[PlyCount "90"]
[EventDate "2012.07.21"]
[EventType "team"]
[EventRounds "9"]
[EventCountry "POR"]
[Source "lmi"]
[SourceDate "2012.07.21"]

1. Nf3 c5 2. g3 Nc6 3. Bg2 g6 4. O-O Bg7 5. d3 d6 6. e4 e5 7. Nbd2 Nge7 8. a4
O-O 9. c3 h6 10. Nc4 f5 11. Qe2 Be6 12. Rd1 Qc7 13. b3 Rae8 14. Bb2 b6 15. Rac1
Qb8 16. Nfd2 d5 17. Ne3 d4 18. cxd4 exd4 19. Nec4 f4 20. Re1 Ne5 21. Nxe5 Bxe5
22. Nc4 Nc6 23. Rb1 g5 24. Bc1 Kh7 25. Bf3 Qc8 26. g4 h5 27. h3 Kg7 28. Kg2 Rh8
29. Bd2 hxg4 30. Bxg4 Rxh3 31. Bxh3 Bxh3+ 32. Kg1 g4 33. f3 Rh8 34. Nxe5 Nxe5
35. Bxf4 Nxf3+ 36. Kf2 Rf8 37. Bg3 Qe6 38. Rec1 Nd2+ 39. Kg1 Nxb1 40. Rxb1 Rf3
41. Kh2 Qh6 42. Be5+ Kf7 43. Kg1 Qe3+ 44. Qxe3 dxe3 45. Re1 g3 0-1

[Event "Portugal tch 2012 - Fase final"]
[Site "Matosinhos POR"]
[Date "2012.06.21"]
[Round "1.4"]
[White "Taboas Rodriguez, Daniel"]
[Black "Pereira, Ricardo"]
[Result "1-0"]
[WhiteElo "2401"]
[BlackElo "1946"]
[PlyCount "55"]
[EventDate "2012.07.21"]
[EventType "team"]
[EventRounds "9"]
[EventCountry "POR"]
[Source "lmi"]
[SourceDate "2012.07.21"]

1. d4 d6 2. Nf3 Nf6 3. c4 g6 4. Nc3 Bg7 5. e4 O-O 6. Be2 Nbd7 7. O-O e5 8. Be3
Qe7 9. d5 Nc5 10. Nd2 a5 11. a3 Bd7 12. b4 Na6 13. Rb1 axb4 14. axb4 c6 15. c5
cxd5 16. Nxd5 Nxd5 17. exd5 Rfe8 18. Nc4 dxc5 19. bxc5 Bf5 20. Rb6 Red8 21. Nd6
Bc8 22. Qb3 Rxd6 23. Rxd6 e4 24. Qb6 Bf5 25. c6 bxc6 26. Rxc6 Nb8 27. Rc7 Qa3
28. Qb7 1-0

[Event "Portugal tch 2012 - Fase final"]
[Site "Matosinhos POR"]
[Date "2012.06.21"]
[Round "1.5"]
[White "Appel, Ralf"]
[Black "Gonzalez Perez, Arian"]
[Result "1/2-1/2"]
[WhiteElo "2535"]
[BlackElo "2452"]
[PlyCount "130"]
[EventDate "2012.07.21"]
[EventType "team"]
[EventRounds "9"]
[EventCountry "POR"]
[Source "lmi"]
[SourceDate "2012.07.21"]

1. Nf3 Nf6 2. g3 g6 3. Bg2 Bg7 4. O-O O-O 5. d4 d6 6. Re1 Nbd7 7. e4 e5 8. Nc3
Re8 9. h3 c6 10. a4 a5 11. Bg5 Qb6 12. Be3 Qc7 13. d5 Nc5 14. Nd2 Nfd7 15. Nc4
Bf8 16. Qd2 Nb6 17. Nxb6 Qxb6 18. Rad1 Bd7 19. b3 Qb4 20. dxc6 bxc6 21. Na2
Qxd2 22. Rxd2 Be6 23. Nc3 Na6 24. f4 Nb4 25. Rf1 Rab8 26. f5 Bc8 27. g4 Be7 28.
Bf3 Bd8 29. Be2 f6 30. Bc4+ Kg7 31. Rff2 Be7 32. Kf1 Ba6 33. Bxa6 Nxa6 34. h4
d5 35. exd5 Bb4 36. dxc6 Bxc3 37. Rd7+ Kg8 38. fxg6 hxg6 39. Rxf6 Rf8 40. Rxf8+
Rxf8+ 41. Ke2 Rc8 42. Rd6 Kf7 43. Bb6 Bb4 44. Rd7+ Ke6 45. Rg7 Kf6 46. Ra7 Nb8
47. Ra8 Rxc6 48. Rxb8 Rxc2+ 49. Kd3 Rg2 50. Bd8+ Ke6 51. Rb6+ Kf7 52. Bc7 Rg3+
53. Ke4 Rxg4+ 54. Kxe5 Rxh4 55. Bd6 Rh5+ 56. Ke4 Bxd6 57. Rxd6 Rg5 58. Rb6 Ke7
59. Kd4 Rg1 60. Rb5 Rb1 61. Ke5 Rf1 62. Ke4 Rf5 63. Rxf5 gxf5+ 64. Kxf5 Kd6 65.
Ke4 Kc5 1/2-1/2

[Event "Portugal tch 2012 - Fase final"]
[Site "Matosinhos POR"]
[Date "2012.06.21"]
[Round "1.5"]
[White "Ferreira, Jorge"]
[Black "Hoffmann, Michael"]
[Result "1/2-1/2"]
[WhiteElo "2338"]
[BlackElo "2482"]
[PlyCount "55"]
[EventDate "2012.07.21"]
[EventType "team"]
[EventRounds "9"]
[EventCountry "POR"]
[Source "lmi"]
[SourceDate "2012.07.21"]

1. e4 c5 2. Nf3 d6 3. d4 cxd4 4. Nxd4 Nf6 5. Nc3 a6 6. Bc4 e6 7. a3 Be7 8. Ba2
O-O 9. O-O b5 10. f4 Bb7 11. Qe2 Nc6 12. Nxc6 Bxc6 13. f5 e5 14. Rd1 a5 15. Nd5
b4 16. Nxf6+ Bxf6 17. Bd5 Bxd5 18. Rxd5 Qb6+ 19. Be3 Qc6 20. Qd3 Be7 21. c3
bxc3 22. Rc1 Qb7 23. Rxc3 Qxb2 24. Rb5 Qa2 25. Rc2 Qa1+ 26. Rc1 Qa2 27. Rc2
Qa1+ 28. Rc1 1/2-1/2

[Event "Portugal tch 2012 - Fase final"]
[Site "Matosinhos POR"]
[Date "2012.06.21"]
[Round "1.5"]
[White "Hammes, Michael"]
[Black "Padeiro, José"]
[Result "1-0"]
[WhiteElo "2377"]
[BlackElo "2354"]
[PlyCount "78"]
[EventDate "2012.07.21"]
[EventType "team"]
[EventRounds "9"]
[EventCountry "POR"]
[Source "lmi"]
[SourceDate "2012.07.21"]

1. d4 d5 2. Nf3 Nf6 3. c4 c6 4. Nc3 a6 5. c5 Bf5 6. Bf4 Nbd7 7. e3 Nh5 8. Bd3
Bxd3 9. Qxd3 Nxf4 10. exf4 e6 11. O-O g6 12. Rfe1 Bg7 13. h4 O-O 14. g3 b6 15.
b4 bxc5 16. bxc5 Qa5 17. Ne5 Nxe5 18. fxe5 Rab8 19. Rab1 Qa3 20. Qe3 Bh6 21. f4
Qa5 22. Qd2 Qa3 23. Kf2 Rfc8 24. Qc2 Rb4 25. Rxb4 Qxb4 26. Ke3 Bf8 27. Rb1 Qa5
28. Kd3 h6 29. Qa4 Qd8 30. Rb6 g5 31. hxg5 hxg5 32. f5 exf5 33. Rxc6 f4 34. g4
Kg7 35. Qxa6 Ra8 36. Qb7 Ra3 37. Ra6 Rxa6 38. Qxa6 Be7 39. Qb7 f6 1-0

[Event "Portugal tch 2012 - Fase final"]
[Site "Matosinhos POR"]
[Date "2012.06.22"]
[Round "2.1"]
[White "Ferreira, Jorge"]
[Black "Damaso, Rui"]
[Result "1/2-1/2"]
[WhiteElo "2338"]
[BlackElo "2365"]
[PlyCount "30"]
[EventDate "2012.07.21"]
[EventType "team"]
[EventRounds "9"]
[EventCountry "POR"]
[Source "lmi"]
[SourceDate "2012.07.21"]

1. e4 g6 2. d4 d6 3. Nc3 a6 4. f4 b5 5. Nf3 Bb7 6. Bd3 c5 7. dxc5 dxc5 8. e5 e6
9. Be3 Qc7 10. Be4 Nc6 11. O-O Nh6 12. Qe1 Be7 13. Bf2 Nf5 14. a4 b4 15. Nd1
Rd8 1/2-1/2

[Event "Portugal tch 2012 - Fase final"]
[Site "Matosinhos POR"]
[Date "2012.06.22"]
[Round "2.1"]
[White "Ulyanovskyy, Viktor"]
[Black "Padeiro, José"]
[Result "1/2-1/2"]
[WhiteElo "2290"]
[BlackElo "2354"]
[PlyCount "97"]
[EventDate "2012.07.21"]
[EventType "team"]
[EventRounds "9"]
[EventCountry "POR"]
[Source "lmi"]
[SourceDate "2012.07.21"]

1. e4 c5 2. Nf3 Nc6 3. Bb5 g6 4. O-O Bg7 5. c3 e5 6. Na3 Nge7 7. Nc2 Qb6 8. Ba4
O-O 9. d3 h6 10. Be3 Qa6 11. Na3 b6 12. d4 cxd4 13. cxd4 exd4 14. Nxd4 Qb7 15.
Nab5 a6 16. Nd6 Qc7 17. Nxc8 Raxc8 18. Rc1 Qb7 19. Nxc6 dxc6 20. b4 f5 21. f3
Kh7 22. Qc2 fxe4 23. fxe4 Rxf1+ 24. Rxf1 Ng8 25. Bb3 Nf6 26. Bd4 Rf8 27. Rc1 c5
28. bxc5 bxc5 29. Qxc5 Qxe4 30. Qa7 Ra8 31. Bc2 Rxa7 32. Bxe4 Rd7 33. Bxf6 Bxf6
34. Rc6 Kg7 35. Rxa6 h5 36. Kf2 g5 37. a4 g4 38. a5 Rd2+ 39. Ke1 Rd4 40. Bc6
Rd6 41. Ra7+ Kh6 42. Ba4 Bc3+ 43. Ke2 Rd2+ 44. Ke3 Ra2 45. Ra6+ Kg7 46. Ra7+
Kh6 47. Ra6+ Kg7 48. Ra7+ Kh6 49. Ra6+ 1/2-1/2

[Event "Portugal tch 2012 - Fase final"]
[Site "Matosinhos POR"]
[Date "2012.06.22"]
[Round "2.2"]
[White "Spraggett, Kevin"]
[Black "Appel, Ralf"]
[Result "1-0"]
[WhiteElo "2595"]
[BlackElo "2535"]
[PlyCount "95"]
[EventDate "2012.07.21"]
[EventType "team"]
[EventRounds "9"]
[EventCountry "POR"]
[Source "lmi"]
[SourceDate "2012.07.21"]

1. e4 Nf6 2. e5 Nd5 3. d4 d6 4. Nf3 dxe5 5. Nxe5 c6 6. Bd3 Nd7 7. Nf3 g6 8. c4
N5f6 9. Nc3 Bg7 10. O-O O-O 11. Re1 Nb6 12. h3 Be6 13. b3 Nc8 14. Bb2 Nd6 15.
Bf1 Nf5 16. g4 Nd6 17. Rxe6 fxe6 18. Ng5 Qd7 19. Qe2 Bh8 20. Nxe6 Rfe8 21. Bg2
Nf7 22. d5 Rec8 23. Re1 Qe8 24. f4 Rab8 25. f5 gxf5 26. gxf5 h6 27. Qf2 Kh7 28.
dxc6 bxc6 29. Qxa7 Nd7 30. Qf2 Qg8 31. Kh1 Be5 32. Ne4 Bxb2 33. Qxb2 Nfe5 34.
Qc2 Nf6 35. Qc3 Ned7 36. Nf4 Qg7 37. Qc2 Nxe4 38. Rxe4 Nf6 39. Re1 Rb7 40. Ng6
Rd7 41. b4 Rcc7 42. Qf2 Ng8 43. Ne5 Rd6 44. c5 Rd8 45. Nxc6 Rd3 46. f6 Nxf6 47.
Qf5+ Qg6 48. Qxg6+ 1-0

[Event "Portugal tch 2012 - Fase final"]
[Site "Matosinhos POR"]
[Date "2012.06.22"]
[Round "2.2"]
[White "Hoffmann, Michael"]
[Black "Luch, Michal"]
[Result "1/2-1/2"]
[WhiteElo "2482"]
[BlackElo "2426"]
[PlyCount "68"]
[EventDate "2012.07.21"]
[EventType "team"]
[EventRounds "9"]
[EventCountry "POR"]
[Source "lmi"]
[SourceDate "2012.07.21"]

1. d4 Nf6 2. c4 e6 3. Nc3 Bb4 4. e3 O-O 5. Bd3 d5 6. Nf3 dxc4 7. Bxc4 c5 8. O-O
Bd7 9. Qe2 Bc6 10. Rd1 Bxc3 11. bxc3 Nbd7 12. Bb2 Qc7 13. Bd3 Be4 14. Bxe4 Nxe4
15. c4 Rac8 16. Ne5 cxd4 17. Nxd7 Qxd7 18. Bxd4 Qe7 19. Bxg7 Kxg7 20. Qg4+ Ng5
21. h4 f5 22. Qxg5+ Qxg5 23. hxg5 Rxc4 24. Rd6 e5 25. Re6 e4 26. Rd1 Rc2 27. a4
Ra2 28. Rd4 Rf7 29. Red6 Rc7 30. Rf6 Rf7 31. Rxf7+ Kxf7 32. Rd7+ Kg6 33. Rxb7
Rxa4 34. Kh2 Kxg5 1/2-1/2

[Event "Portugal tch 2012 - Fase final"]
[Site "Matosinhos POR"]
[Date "2012.06.22"]
[Round "2.2"]
[White "Hammes, Michael"]
[Black "Taboas Rodriguez, Daniel"]
[Result "*"]
[WhiteElo "2377"]
[BlackElo "2401"]
[PlyCount "35"]
[EventDate "2012.07.21"]
[EventType "team"]
[EventRounds "9"]
[EventCountry "POR"]
[Source "lmi"]
[SourceDate "2012.07.21"]

1. d4 Nf6 2. c4 g6 3. Nc3 Bg7 4. e4 d6 5. Be2 O-O 6. Nf3 e5 7. O-O Nc6 8. d5
Ne7 9. Nd2 Nd7 10. b4 f5 11. c5 Nf6 12. f3 f4 13. Nc4 g5 14. a4 Ng6 15. Ba3 Rf7
16. b5 Bf8 17. a5 dxc5 18. b6 *

[Event "Portugal tch 2012 - Fase final"]
[Site "Matosinhos POR"]
[Date "2012.06.22"]
[Round "2.3"]
[White "Strikovic, Aleksa"]
[Black "Vasques, António"]
[Result "1/2-1/2"]
[WhiteElo "2559"]
[BlackElo "2214"]
[PlyCount "107"]
[EventDate "2012.07.21"]
[EventType "team"]
[EventRounds "9"]
[EventCountry "POR"]
[Source "lmi"]
[SourceDate "2012.07.21"]

1. c4 Nf6 2. Nc3 e6 3. e4 d6 4. d4 c5 5. d5 g6 6. f3 Bg7 7. Bg5 O-O 8. Qd2 h6
9. Be3 e5 10. Nge2 h5 11. Nc1 Na6 12. Be2 Bd7 13. a3 Nh7 14. Nd3 Qe7 15. O-O f5
16. exf5 gxf5 17. f4 e4 18. Ne1 Nf6 19. h3 Qf7 20. Bf2 Rab8 21. Nc2 b5 22. Nxb5
Bxb5 23. cxb5 Nc7 24. Ne3 Nd7 25. a4 a6 26. Nc4 Qxd5 27. Qxd5+ Nxd5 28. Nxd6
axb5 29. Bxb5 e3 30. Bh4 Bd4 31. Kh1 N7f6 32. Rae1 Nb4 33. Nxf5 Nfd5 34. Ne7+
Kg7 35. Nxd5 Nxd5 36. b3 Rxf4 37. Rxf4 Nxf4 38. Bg5 Rf8 39. g3 Nxh3 40. Bxe3
Nf2+ 41. Kg2 Ng4 42. Bf4 h4 43. Bc4 Kg6 44. Bd3+ Kg7 45. Re6 h3+ 46. Kf1 h2 47.
Be4 Nf2 48. Bf3 h1=Q+ 49. Bxh1 Nxh1 50. Ke2 Kf7 51. Rd6 Re8+ 52. Kf3 Re1 53. b4
Ra1 54. Ke4 1/2-1/2

[Event "Portugal tch 2012 - Fase final"]
[Site "Matosinhos POR"]
[Date "2012.06.22"]
[Round "2.3"]
[White "Fernando, Diogo"]
[Black "Pereira, Ricardo"]
[Result "1-0"]
[WhiteElo "2469"]
[BlackElo "1946"]
[PlyCount "107"]
[EventDate "2012.07.21"]
[EventType "team"]
[EventRounds "9"]
[EventCountry "POR"]
[Source "lmi"]
[SourceDate "2012.07.21"]

1. e4 g6 2. d4 Bg7 3. Nc3 d6 4. g3 Nd7 5. Bg2 e5 6. Nge2 Ne7 7. O-O O-O 8. Bg5
f6 9. Be3 Nb6 10. Qd3 Be6 11. Rad1 Qd7 12. Rfe1 Bc4 13. Qd2 Rae8 14. b3 Be6 15.
a4 Bh3 16. Bh1 h5 17. Qd3 Kh7 18. a5 Nbc8 19. Na4 Qc6 20. c4 b6 21. Nac3 Qd7
22. Qc2 Nc6 23. axb6 axb6 24. Nd5 Qf7 25. Qd2 f5 26. exf5 Bxf5 27. Nf6+ Bxf6
28. Bxc6 Rd8 29. Bg2 Ne7 30. dxe5 Bxe5 31. Nd4 Bg4 32. f3 Bd7 33. f4 Bf6 34.
Bf2 Rde8 35. Nb5 Bxb5 36. cxb5 Nf5 37. Bd5 Qg7 38. Re4 Re7 39. Rxe7 Bxe7 40.
Re1 Bf6 41. Re4 Nh6 42. h3 Qd7 43. Qc2 Bd8 44. Qe2 Nf5 45. Be6 Qg7 46. g4 hxg4
47. hxg4 Qa1+ 48. Qf1 Qxf1+ 49. Kxf1 Ng7 50. Bd5 Re8 51. Rc4 Ne6 52. b4 Nf8 53.
Rc3 Kg7 54. Bd4+ 1-0

[Event "Portugal tch 2012 - Fase final"]
[Site "Matosinhos POR"]
[Date "2012.06.22"]
[Round "2.3"]
[White "Parreira, André"]
[Black "Vassallo Barroche, Maurício"]
[Result "0-1"]
[WhiteElo "1786"]
[BlackElo "2433"]
[PlyCount "42"]
[EventDate "2012.07.21"]
[EventType "team"]
[EventRounds "9"]
[EventCountry "POR"]
[Source "lmi"]
[SourceDate "2012.07.21"]

1. Nf3 Nf6 2. c4 g6 3. g3 Bg7 4. Bg2 d6 5. d4 O-O 6. O-O c6 7. Nc3 Qb6 8. Qc2
Qa6 9. b3 Nbd7 10. Bb2 b5 11. d5 cxd5 12. cxb5 Qb6 13. Rad1 Bb7 14. b4 Rfc8 15.
Qb3 a5 16. Nd4 e6 17. Na4 Qd8 18. Bc3 axb4 19. Bxb4 Nc5 20. Bxc5 dxc5 21. Nc2
c4 0-1